MARC

LEADER 00000nam0a2200000 4500
001 91994
005 20231031104415.0
035 |a (RuTPU)RU\TPU\book\98587 
090 |a 91994 
100 |a 20060303d1979 m a0rusy5003 ca 
101 0 |a rus 
102 |a RU 
105 |a a j 001zy 
200 1 |a Авиационная метеорология  |e учебное пособие   |f П. Д. Астапенко, А. М. Баранов, И. М. Шварев 
210 |a Москва  |c Транспорт  |d 1979 
215 |a 263 с.  |c ил.  |d 22 см 
610 1 |a метеорология 
610 1 |a авиационная метеорология 
610 1 |a учебные пособия 
610 1 |a земная атмосфера 
610 1 |a атмосфера 
610 1 |a термодинамика 
610 1 |a прогноз 
610 1 |a полеты 
610 1 |a метеорологическое обеспечение 
675 |a 656.7.05(075.3)  |z rus 
701 1 |a Астапенко  |b П. Д.  |g Павел Дмитриевич 
701 1 |a Баранов  |b А. М.  |g Александр Михайлович 
701 1 |a Шварев  |b И. М.  |g Иван Михайлович 
801 0 |a RU  |b RuMRKP  |c 19950704  |g psbo 
801 1 |a RU  |b 63413507  |c 20060303  |g PSBO 
801 2 |a RU  |b 63413507  |c 20070212  |g PSBO 
942 |c BK